|
|
|
|
| LEADER |
01343nam a22003372a 4500 |
| 001 |
000371842 |
| 003 |
CZ BrMZK |
| 005 |
20090216124133.0 |
| 007 |
ta |
| 008 |
010907s1981 xr f cze d |
| 015 |
|
|
|a cnb000404769
|
| 035 |
|
|
|a (OCoLC)42176620
|
| 040 |
|
|
|a BOA001
|b cze
|
| 080 |
|
|
|a 624.011.78(075.8)
|2 MRF
|
| 080 |
|
|
|a 624.011.1(075.8)
|2 MRF
|
| 100 |
1 |
|
|a Straka, Bohumil
|7 jk01121301
|4 aut
|
| 245 |
1 |
0 |
|a Konstrukce ze dřeva a plastů ;
|b prvky a dílce dřevěných konstrukcí /
|c Bohumil Straka, Jana Pechalová
|
| 246 |
3 |
|
|a Prvky a dílce dřevěných konstrukcí
|
| 250 |
|
|
|a 1. vyd.
|
| 260 |
|
|
|a Brno :
|b Vysoké učení technické,
|c 1981
|
| 300 |
|
|
|a 103 s.
|
| 490 |
1 |
|
|a Učební texty vysokých škol
|
| 700 |
1 |
|
|a Pechalová, Jana
|7 jx20040414001
|4 aut
|
| 810 |
2 |
|
|a Vysoké učení technické v Brně.
|t Učební texty vysokých škol
|0 s
|
| 910 |
|
|
|a BOA001
|b TK-A-0209.236
|b 4-0849.479
|
| 920 |
|
|
|a 000225957
|
| 964 |
|
|
|a Dřevěné konstrukce - učebnice - vysoké školy
|
| 990 |
|
|
|a BK
|
| 996 |
6 |
|
|b 2619831851
|c 4-0849.479
|l MZK
|r Sklad / do 1 hodiny
|n 0
|w 000371842
|u 000030
|a 1
|e BOA001
|j MZK50
|s P
|
| 996 |
7 |
|
|b 2619915036
|c 4-0849.479
|l MZK
|r Sklad / do 1 hodiny
|n 3
|w 000371842
|u 000020
|a 1
|e BOA001
|j MZK50
|s A
|
| 996 |
7 |
|
|b 2629977561
|c TK-A-0209.236
|l MZK
|r Sklad / do 24 hodin
|n 1
|w 000371842
|u 000010
|a 1
|e BOA001
|j MZK50
|s A
|